书目信息 |
| 题名: |
高等学校德语专业四级考试(PGG)真题与解析
|
|
| 作者: | ;全国高校德语专业基础阶段测试组 编写 | |
| 分册: | ||
| 出版信息: | 上海 上海外语教育出版社 2005.6 |
|
| 页数: | 233页 | |
| 开本: | 26cm | |
| 丛书名: | 全国高等学校外语专业四级考试指南丛书 | |
| 单 册: | ||
| 中图分类: | H339.6 | |
| 科图分类: | ||
| 主题词: | 德语--de yu--高等学校--试题 | |
| 电子资源: | ||
| ISBN: | 7-81095-617-5 | |
| 000 | 01174nam 2200265 450 | |
| 001 | CAL 012006033466 | |
| 005 | 20061030144630.20 | |
| 010 | @a7-81095-617-5@dCNY30.00(含光盘) | |
| 016 | @aCN-Z09-05-046-00@b光盘 | |
| 099 | @aCAL 012006033466 | |
| 100 | @a20060909d2005 em y0chiy0120 ea | |
| 101 | 0 | @achi@ager |
| 102 | @aCN@b310000 | |
| 105 | @ay qz 000yy | |
| 200 | 1 | @a高等学校德语专业四级考试(PGG)真题与解析@Agao deng xue xiao de yu zhuan ye si ji kao shi (PGG) zhen ti yu jie xi@f全国高校德语专业基础阶段测试组编写 |
| 210 | @a上海@c上海外语教育出版社@d2005.6 | |
| 215 | @a233页@d26cm@e光盘2片 | |
| 225 | 2 | @a全国高等学校外语专业四级考试指南丛书@Aquan guo gao deng xue xiao wai yu zhuan ye si ji kao shi zhi nan cong shu |
| 330 | @a本书包括: 高等学校德语专业基础阶段教学大纲(附样题和答案), PGG试题单项解析, PGG试题真题(1997-2004), 真题答案和听力题文字材料四部分。 | |
| 410 | 0 | @12001 @a全国高等学校外语专业四级考试指南丛书 |
| 606 | 0 | @a德语@Ade yu@x高等学校@j试题 |
| 690 | @aH339.6@v4 | |
| 711 | 02 | @a全国高校德语专业基础阶段测试组@Aquan guo gao xiao de yu zhuan ye ji chu jie duan ce shi zu@4编写 |
| 801 | 0 | @aCN@c20061030 |
| 905 | @a10447@dH339.6@eQ880 | |
| 高等学校德语专业四级考试(PGG)真题与解析/全国高校德语专业基础阶段测试组编写.-上海:上海外语教育出版社,2005.6 |
| 233页;26cm+光盘2片.-(全国高等学校外语专业四级考试指南丛书) |
| ISBN 7-81095-617-5:CNY30.00(含光盘) |
| 本书包括: 高等学校德语专业基础阶段教学大纲(附样题和答案), PGG试题单项解析, PGG试题真题(1997-2004), 真题答案和听力题文字材料四部分。 |
| ● |
| 相关链接 |
|
|
|
正题名:高等学校德语专业四级考试(PGG)真题与解析
索取号:H339.6/Q880
 
预约/预借
| 序号 | 登录号 | 条形码 | 馆藏地/架位号 | 状态 | 备注 |
| 1 | 633660 | 206336605 | 语言库209/209语言库 120排2列1层/ [索取号:H339.6/Q880] | 在馆 | |
| 2 | 633661 | 206336614 | 语言库209/209语言库 120排2列1层/ [索取号:H339.6/Q880] | 在馆 | |
| 3 | 633662 | 206336623 | 语言库209/209语言库 120排2列1层/ [索取号:H339.6/Q880] | 在馆 |